000 00617nam a2200193Ia 4500
003 OSt
005 20220527044016.0
008 151021s9999 xx 000 0 und d
020 _a9966820167
040 _aMMU
_beng
_cMMU
_dMMU
050 _aBP 431.N93 2011
245 _aThe Meaning and Implications of Life and Death in Africa: A Psycho-Philosophical Reflection /
_cJoseph M. Nyasani.
260 _aNairobi :
_bConsolota Institute of Philosophy,
_c 2011.
300 _avi,193 p. :
500 _aIncludes index
500 _aIncludes index
650 _aLife and Death in Africa
942 _2lcc
_cLOAN LOAN
999 _c14500
_d14500